000
00210 a2200097 4500
001
28909
100
_a
Scheid, F
245
_a
Introductio to Computer Sc
260
_a
_b
Mc Graw Hill
_c
090
_c
19323
_d
19323
942
_a
NUST-CAE
_c
M
_c
10362
999
_c
263982
_d
263982